Normal view
MARC view
- Patki G (2k61038)
Entry Personal Name
001 - CONTROL NUMBER
- control field: 102232
003 - CONTROL NUMBER IDENTIFIER
- control field: OSt
005 - DATE AND TIME OF LATEST TRANSACTION
- control field: 20221007215924.0
008 - FIXED-LENGTH DATA ELEMENTS
- fixed length control field: 221007|| aca||aabn | a|a d
040 ## - CATALOGING SOURCE
- Original cataloging agency: OSt
- Transcribing agency: OSt
100 ## - HEADING--PERSONAL NAME
- Personal name: Patki G (2k61038)
670 ## - SOURCE DATA FOUND
- Source citation: Work cat.: (OSt)69393: Patki G (2k61038), Study of Brand Awareness in Retail Market, 2008